Nalogi v rynočnoj ekonomike.

Zmeny v daňovej sústave Ruska. Zavedenie dane z pridanej hodnoty. Využitie zahraničných skúseností v podmienkach Ruska. Daňové sústavy USA a krajín ES. Dane z príjmov obyvateľstva. Daňové úľavy. Daňová kontrola. Štruktúra daňovej správy New Yorku.

Gespeichert in:
Bibliographische Detailangaben
1. Verfasser: Černik, D.G
Format: Buchkapitel
Sprache:Russisch
Schlagworte:
Tags: Tag hinzufügen
Keine Tags, Fügen Sie das erste Tag hinzu!

MARC

LEADER 00000naa a2200000 4500
001 r009563
005 20221208122556.6
041 0 |a rus 
044 |a [SU] 
245 1 0 |a Nalogi v rynočnoj ekonomike.  |c D.G. Černik 
520 |a Zmeny v daňovej sústave Ruska. Zavedenie dane z pridanej hodnoty. Využitie zahraničných skúseností v podmienkach Ruska. Daňové sústavy USA a krajín ES. Dane z príjmov obyvateľstva. Daňové úľavy. Daňová kontrola. Štruktúra daňovej správy New Yorku. 
610 2 0 |a sústava daňová 
610 2 0 |a Rusko 
610 2 0 |a hospodárstvo trhové 
610 2 0 |a dane z hodnoty pridanej 
610 2 0 |a USA 
610 2 0 |a Európske spoločenstvá 
610 2 0 |a dane z príjmov 
610 2 0 |a kontrola 
610 2 0 |a úľavy daňové 
100 1 |a Černik, D.G.